1789 1842 1945 1658 1058 1701 1709 1390 1657 1408 1169 1646 1895 1101 1294 1785 1412 1483 1142 1545 1085 1485 1705 1237 1914 1745 1381 1901 1443 1065 1893 1820 1477 1662 1443 1821 1452 1324 1181 1519 1205 1178 1655 1862 1080 1835 1777 1277 1957 1874 1145 1928 1000 1756 1812 1277 1539 1603 1534 1291 1391 1588 1780 1421 1805 1134 1990 1548 1313 1172 1579 1141 1905 1311 1208 1053 1727 1767 1506 1242 1483 1261 1438 1463 1113 1876 1084 1811 1761 1428 1723 1568 1122 1957 1523 1939 1575 1480 1009 BCNSPRNW ULIB Ver.6.0+V

เปลี่ยนเป็นภาษาไทย

Change to English
 แสดงรายละเอียดบรรณานุกรม
  กลับหน้าหลัก

Brief Record : Get Marc (ISO 2709) : E-mail record : QR code < ปิดหน้าต่าง
LEADER : 00000nam 2200000uu 4500
001    13399115089
003     ULIB
008    120709s2550||||th 000 0 tha d
020    ^a9789748817668
060 04 ^aWD210^bพ249ร 2550
100 0  ^aพรพิมล ศิริกุล
245 10 ^aลดน้ำหนักตามลักษณะรูปร่างผอมได้ใน 14 วัน /^cพรพิมล ศิริกุล
250    ^aพิมพ์ครั้งที่ 1
260    ^aกรุงเทพฯ :^bเอ็ม มีเดี่ย,^c2550
300    ^a227 หน้า :^bภาพประกอบ
650  7 ^aการลดความอ้วน
945    ^p169^l0^i24853
995    ^aกัณชพร
999    ^aใช้งานได้ทุกระบบ
รายการนี้ยังไม่มีแท็ก
คุณยังไม่ได้ล็อกอิน คุณสามารถมีกิจกรรมร่วมกับเว็บไซต์ได้ แต่ต้องล็อกอินก่อน ::
  ล็อกอิน

รายการสื่อสารสนเทศ

ลำดับที่ ประเภท เลขเรียก/บาร์โค้ด สถานที่ สถานะ
1. วิทยาศาสตร์การแพทย์ และสุขภาพ
วิทยาศาสตร์การแพทย์ และสุขภาพ
WD210 พ249ร 2550  
  Barcode: 24853
ห้องสมุดวิทยาเขตสวรรค์ประชารักษ์
►ส่วนจัดเก็บหนังสือเก่า สปร
บนชั้น
  ขอยืม

รายการใกล้เคียง
    ผู้แต่ง [พรพิมล ศิริกุล]

    หัวเรื่อง [การลดความอ้วน]

BibComment


ยังไม่เคยถูกคอมเมนท์

คอมเมนท์ทรัพยากรรายการนี้
  คอมเมนท์: ลดน้ำหนักตามลักษ..


 Copyright 2026. Bcnsprnw @Library